The adventures of Tintin : flight 714

Bibliographic Details
Main Author: Herge
Corporate Author: Title
Format: Book
Published: London : Egmont , 2002
Subjects:

MARC

LEADER 00000cam a2200000 7i4500
001 0000005386
005 20151222.0
008 070803
020 |a 1405206330 
090 0 0 |a JF   |b AD ENG (5735) 
100 0 |a Herge 
245 1 4 |a The adventures of Tintin :   |b flight 714   |c Herge 
260 |a London :   |b Egmont ,   |c 2002 
500 |a Children ages 7-9 years old (orange) 
650 0 |a Adventure 
650 0 |a Junior fiction   |x English   |x Languages 
710 0 |a Title 
999 |a 0000967154   |b Book   |c Children Collection   |e Cawangan Bandar Penawar 
999 |a 0000974329   |b Book   |c Children Collection   |e Perbadanan Perpustakaan Awam Johor 
999 |a 0001047360   |b Book   |c Children Collection   |e Cawangan Tangkak